000 01107nmm a2200289 a 4500
001 ocm000597283
003 TR-IsHL
005 20201028125920.0
008 130927s2005 tu tur
007 cr cn
020 _a9789755129495
035 _a597283
_b(N$T)
050 0 4 _aHC241.25.T9
_bT87 2005
090 0 4 _aHC241.25.T9
_bT87 2005
245 1 0 _aTürkiye'nin dahil olduğu AB programları ve fonları, seminer, 13.12.2004
_h[electronic resource]
250 _a1. bs.
260 _aİstanbul :
_bİstanbul Ticaret Odası,
_c2005
300 _a44 p.
650 4 _aEkonomi ve Finans
650 4 _aEconomics and Finance
650 0 _aAvrupa Birliği
_x Uluslararası ilişkiler
_x Türkiye
650 0 _aEuropean Federation
_x International relations
_x Turkey
650 0 _aTürkiye
_x Uluslararası ilişkiler
_x Avrupa Birliği
650 0 _aTurkey
_x International relations
_x European Federation
650 7 _aPOLITICAL SCIENCE / International Relations / General
_2bisacsh
856 4 0 _uhttp://search.ebscohost.com/login.aspx?direct=true&scope=site&db=e011xww&AN=597283
999 _c3741
_d3741